Strategi hidup secara Islam : mengajak umat ke jalan Allah

Bibliographic Details
Main Author: Yakan, Fathi
Format: Book
Published: Selangor : Crescent News (K.L) Sdn. Bhd , 2004
Subjects:

MARC

LEADER 00000cam a2200000 7i4500
001 0000045627
005 20161109.0
008 150211
020 |a 9789830612898 
020 |a 9830612899 
090 0 0 |a 297.74   |b YAK 
100 1 |a Yakan, Fathi 
245 1 0 |a Strategi hidup secara Islam :   |b mengajak umat ke jalan Allah   |c Fathi Yakan 
260 |a Selangor :   |b Crescent News (K.L) Sdn. Bhd ,   |c 2004 
650 0 |a Da'wah (Islam) 
650 0 |a Islam missions 
999 |a 0001333184   |b Book   |c Adult Collection   |e Cawangan Bukit Gambir 
999 |a 0001333186   |b Book   |c Adult Collection   |e Cawangan Muar 
999 |a 0001333187   |b Book   |c Adult Collection   |e Cawangan Tmn. Ungku Tun Aminah 
999 |a 0001333188   |b Book   |c Adult Collection   |e Cawangan Bandar Penawar 
999 |a 0001333189   |b Book   |c Adult Collection   |e Cawangan Batu Pahat 
999 |a 0001333190   |b Book   |c Adult Collection   |e Cawangan Bandar Tenggara 
999 |a 0001333191   |b Book   |c Adult Collection   |e Cawangan Tangkak 
999 |a 0001333192   |b Book   |c Adult Collection   |e Cawangan Pontian 
999 |a 0001333193   |b Book   |c Adult Collection   |e Cawangan Segamat 
999 |a 0001333194   |b Book   |c Adult Collection   |e Cawangan Taman Sri Lambak 
999 |a 0001333195   |b Book   |c Adult Collection   |e Cawangan Mersing 
999 |a 0001333196   |b Book   |c Adult Collection   |e Cawangan Kota Tinggi 
999 |a 0001335631   |b Book   |c Adult Collection   |e Perbadanan Perpustakaan Awam Johor 
999 |a 0001335632   |b Book   |c Adult Collection   |e Perbadanan Perpustakaan Awam Johor 
999 |a 0001335633   |b Book   |c Adult Collection   |e Cawangan Urban Transformation Centre 
999 |a 1333186   |b Book   |c Adult Collection   |e Cawangan Muar 
999 |a 1333194   |b Book   |c Adult Collection   |e Cawangan Taman Sri Lambak